[Event "Famalicao op 1st"]
[Site "Famalicao"]
[Date "2013.08.28"]
[Round "6.18"]
[White "Ferreira, Pedro Miguel Carv"]
[Black "Silva, Bruno Filipe Rodri"]
[Result "1-0"]
[WhiteElo "1561"]
[BlackElo "1237"]
[PlyCount "53"]
[EventDate "2013.08.26"]
[EventType "swiss"]
[EventRounds "9"]
[EventCountry "POR"]
[SourceTitle "EXT 2015"]
[Source "ChessBase"]
[SourceDate "2014.11.20"]
[SourceVersion "1"]
[SourceVersionDate "2014.11.20"]
[SourceQuality "1"]

1. Nf3 d6 2. d4 Nf6 3. c4 Bg4 4. e3 d5 5. Nbd2 e6 6. g3 Bb4 7. Bg2 dxc4 8. Qa4+ Nc6 9. Ne5 Bxd2+ 10. Bxd2 Qd6 11. Nxc6 0-0 12. Ne5 Bf5 13. Bb4 c5 14. Bxc5 Bc2 15. Qxc2 Qa6 16. Bxf8 Qa5+ 17. Qc3 Qxc3+ 18. bxc3 Rxf8 19. 0-0 b5 20. Rab1 a6 21. a4 bxa4 22. Rb4 a3 23. Rxc4 Nd5 24. Bxd5 exd5 25. Ra4 f6 26. Nd7 Rd8 27. Nc5 1-0